000 00851nam a2200229 a 4500
001 40472
003 BD-RjUL
005 20211209053224.0
008 160502s1978 ii ||||| |||| 00| 0 ben d
035 _a(BD-RjUL) 40587
040 _aBD-RjUL
_bben
_cBD-RjUL
041 _aben
082 _223
_a170
_bTAN 1978
100 _aতর্কবাগীশ, ফণীভূষণ
_9124656
245 1 0 _aন্যায় পরিচয় /
_c ফণীভূষণ তর্কবাগীশ
250 _a৩য় সং.
260 _aকলিকাতা :
_bপশ্চিমবঙ্গ রাজ্য পুুস্তক পর্ষদ,
_c১৯৭৮
300 _a[৪৭], ৫, ২৭১ পৃ. ;
_c২১ সেমি.
650 _aদর্শনশাস্ত্র
_9124659
650 _aEthics
_9117425
942 _2ddc
_cBK
999 _c40472
_d40472